Detalles MARC
| 000 -LÍDER |
| Campo fijo de descripción fija |
02164nam a22004334i 4500 |
| 001 - NÚMERO DE CONTROL |
| Campo de control |
bimo0000344861 |
| 003 - IDENTIFICADOR DEL NÚMERO DE CONTROL |
| Campo de control |
SpMaBN |
| 005 - FECHA Y HORA DE LA ULTIMA TRANSACCIÓN |
| control field |
20181102072236.0 |
| 008 - ELEMENTOS DE LONGITUD FIJA -- INFORMACIÓN GENERAL |
| Campo fijo de descripción fija -- Información general |
861204s19860000sp 001 bspa |
| 017 ## - COPYRIGHT OR LEGAL DEPOSIT NUMBER |
| Copyright or legal deposit number |
B 1949-1986 |
| Assigning agency |
Oficina Depósito Legal Barcelona |
| 020 ## - NÚMERO INTERNACIONAL NORMALIZADO PARA LIBROS |
| Número Internacional Normalizado del libro |
8476450796 |
| 040 ## - FUENTE DE CATALOGACIÓN |
| Agencia de catalogación original |
IBH |
| Idioma de catalogación |
spa |
| Convenciones de la descripción |
rdc |
| Agencia que realiza la transcripción |
CO-MdFUSB |
| Agencia que realiza la modificación |
CO-MdFUSBC |
| 041 1# - CÓDIGO DE IDIOMA |
| Código de idioma para texto/pista de sonido o título separado |
spa |
| Código de idioma original |
spa |
| 080 ## - UNIVERSAL DECIMAL CLASSIFICATION NUMBER |
| Universal Decimal Classification number |
222.7/.8.07 |
| 080 ## - UNIVERSAL DECIMAL CLASSIFICATION NUMBER |
| Universal Decimal Classification number |
92 Esdras |
| 080 ## - UNIVERSAL DECIMAL CLASSIFICATION NUMBER |
| Universal Decimal Classification number |
92 Nehemías |
| 082 ## - NÚMERO DE CLASIFICACIÓN DECIMAL DEWEY |
| Número de la edición del Dewey |
23 |
| Número de clasificación |
222.707 |
| Clave de autor-Numero de item |
R261 |
| 100 1# - ASIENTO PRINCIPAL--NOMBRE PERSONAL |
| Nombre personal |
Rawlinson, George |
| Fechas asociadas con el nombre |
1812-1902 |
| Término relacionador |
autor |
| 245 #0 - TÍTULO |
| Título del Material |
Esdras y Nehemías |
| Mención de responsabilidad, etc. |
/ Jorge Rawlinson ; traductor Sara A. Hale |
| 264 #1 - PRODUCCIÓN, PUBLICACIÓN, DISTRIBUCIÓN, MANUFACTURA, Y COPYRIGHT |
| Lugar de producción, publicación, distribución, manufactura |
Terrassa (Barcelona) |
| Nombre del productor, publicador, distribuidor |
Clie, |
| Fecha de producción, publicación, distribución, manufactura, o copyright |
℗[1986] |
| 300 ## - DESCRIPCIÓN FÍSICA |
| Extensión |
223 páginas ; |
| Dimensiones |
20 cm |
| 336 ## - TIPO DE CONTENIDO |
| Fuente |
rdacontent |
| Término de tipo de contenido |
texto |
| Código de tipo de contenido |
txt |
| 337 ## - TIPO DE MEDIO |
| Fuente |
rdamedia |
| Nombre del tipo de medio |
sin mediación |
| Código del tipo de medio |
n |
| 338 ## - TIPO DE SOPORTE |
| Fuente |
rdacarrier |
| Nombre del tipo de soporte |
volumen |
| Código Tipo de soporte |
nc |
| 490 ## - MENCIÓN DE SERIE |
| Mención de serie |
Clásicos evangélicos |
| 505 ## - NOTA DE CONTENIDO |
| Título |
Esdras. |
| Nota de contenido con formato preestablecido |
Nacimiento y educación -- Primeras relaciones con el gobierno -- Relaciones con Artajerjes Longimano -- Esdras como gobernador de Judá -- Relaciones con Nehemías -- Trabajos literarios -- Vida posterior muerte y carácter |
| 505 ## - NOTA DE CONTENIDO |
| Título |
Nehemías. |
| Nota de contenido con formato preestablecido |
Alcurnia y lugar probable de su nacimiento -- Posición en la corte de Artajerjes Longimano -- Su viaje a Jerusalém—Reparación de los muros -- Condición material del pueblo Judío -- Condición religiosa del pueblo Judío -- Primera reforma de la religión bajo Nehemías -- Llamado de nuevo a la corte y los resultados de este llamamiento -- Segunda reforma de la religión por Nehemías -- Otros actos del gobernador civil -- Leyenda acerca de Nehemías -- Carácter y trabajos de Nehemías |
| 563 ## - NOTA DE ENCUADERNACIÓN |
| Nota de encuadernación |
Tapa dura |
| 630 #7 - TITULO UNIFORME |
| Título uniforme |
Biblia. |
| Nombre de parte o sección de la obra |
Esdras |
| Subdivisión de materia general |
Historia y crítica |
| 630 #7 - TITULO UNIFORME |
| Título uniforme |
Biblia. |
| Nombre de parte o sección de la obra |
Nehemías |
| Subdivisión de materia general |
Historia y crítica |
| 700 ## - ASIENTO SECUNDARIO - NOMBRE PERSONAL |
| Nombre personal |
Hale, Sara A. |
| Responsabilidad |
traductor |
| 942 ## - TIPO DE MATERIAL (KOHA) |
| Tipo de Item KOHA |
Libros General |
| 956 ## - LOCAL ELECTRONIC LOCATION AND ACCESS (OCLC) |
| Host name |
1 2 |
| 980 ## - EQUIVALENCE OR CROSS-REFERENCE-SERIES STATEMENT--PERSONAL NAME/TITLE [LOCAL, CANADA] |
| Personal name |
B 1949-1986 |
| -- |
84-7645-079-6 |
| -- |
M-BN |
| Numeration |
BNMADRID |
| Attribution qualifier |
3/86639 |
| Titles and other words associated with a name |
SG_RECOLET |
| 980 ## - EQUIVALENCE OR CROSS-REFERENCE-SERIES STATEMENT--PERSONAL NAME/TITLE [LOCAL, CANADA] |
| Personal name |
B 1949-1986 |
| -- |
M-BN |
| Numeration |
BNALCALA |
| Attribution qualifier |
AHM/56709 |
| Titles and other words associated with a name |
SALA_ALC |
| 980 ## - EQUIVALENCE OR CROSS-REFERENCE-SERIES STATEMENT--PERSONAL NAME/TITLE [LOCAL, CANADA] |
| Personal name |
B 1949-1986 |
| -- |
84-7645-079-6 |
| -- |
M-BN |
| Numeration |
BNALCALA |
| Attribution qualifier |
DL/301684 |
| Titles and other words associated with a name |
CONSERVACI |